| 000 | 00482nam a2200181Ia 4500 | ||
|---|---|---|---|
| 001 | 24299 | ||
| 005 | 20260414151034.0 | ||
| 008 | 260414t2022||||xx |||||||||||||| ||spa|| | ||
| 041 | _aESP | ||
| 082 |
_a345.2 _bR47D |
||
| 100 |
_aReyna Alfaro, Luis Miguel _eAUT |
||
| 245 | 0 |
_aDerecho procesal penal : _bun estudio doctrinario, normativo y jurisprudencial |
|
| 260 | _c2022 | ||
| 300 |
_a589 páginas : _c25 cm. |
||
| 650 | _aDER | ||
| 654 | _aCDE | ||
| 942 |
_cLIB _dJUS _fJUS _2ddc _n |
||
| 999 |
_c24299 _d24299 |
||